| 000 | 00597nam a22001937a 4500 | ||
|---|---|---|---|
| 005 | 20251108164230.0 | ||
| 008 | 250721s1998 xx 000 0 ara d | ||
| 082 | 1 | 4 | _a785/عزف |
| 245 | 1 | 0 | _aالعزف على البيانو - الغيتار - الناي / |
| 264 | 1 |
_aبيروت : _bدار و مكتبة الهلال للطباعه و النشر، _c1998. |
|
| 300 | _a143ص | ||
| 490 | 0 | _aتعلم من دون معلم | |
| 650 | 1 | 7 | _aالآلات الموسيقية |
| 650 | 1 | 7 | _aالبيانو |
| 650 | 1 | 7 | _aالغيتار |
| 650 | 1 | 7 | _aالناي |
| 942 |
_2ddc _cBK |
||
| 999 |
_c7011 _d7011 |
||